00681nam a2200193Ia 4500001001000000003000500010008004100015010001100056040000900067100002800076245015900104260003300263300001000296502003500306650003500341650005400376650004000430710001700470Para_5693CHAP220125s1958 xx 000 0 und d a204123 cCHAP aBeneitez Brown, Alfredo aInfluencia de algunos factores en el control químico de patógenos fungosos asociados con la pudrición de raíz del frijol /c por Alfredo Beneitez aMonterrey, N.L. :b el autor a23 p. aTesis (Ing. Agr.) ITESM (N.L.) aControl biológico de hongos  aOrganismos fitopatógenos x control biológico aPudrición de la raíz x frijol  aITESM (N.L.)